Top 10 Most Visited Websites in the World in 2018 - Statistics

General Stats
  • This quiz has been taken 582 times
  • The average score is 7 of 10
Answer Stats
Hint Answer % Correct
#1 The most popular search engine as well as the most visited website in the world with 1.17 billion monthly users Google
99%
#3 American online social media and social networking service company based in Menlo Park, California Facebook
95%
#7 An Internet based encyclopedia Wikipedia
95%
#2 The third most popular, as well as the world largest video search engine Youtube
93%
#5 Trump's preferred mode of communication Twitter
90%
#4 The world's largest electronic commerce site founded by the richest man in modern history Amazon founded by Jeff Bezos
82%
#6 The oldest and now second most visited search engine on the web Yahoo
74%
#8 The third largest world wide search engine Bing
68%
#9 A Chinese language search engine and one of the most visited websites in China Baidu
14%
#10 The second largest online shopping website after Amazon Taobao
4%
No matching quizzes found
Score Distribution
Percent of People with Each Score
Percentile by Number Answered
Your Score History
You have not taken this quiz